Statistics for Music Trivia: Songs and Artists of 1992

Click here to take the quiz!

General Stats

  • This quiz has been taken 101 times
    (86 since last reset)
  • The average score is 10 of 15

Answer Stats

This song is associated with......this singer or group% Correct
Smells Like Teen SpiritNirvana
94%
Under the BridgeRed Hot Chili Peppers
91%
November RainGuns N' Roses
80%
Tears in HeavenEric Clapton
79%
Knockin' On Heaven's DoorGuns N' Roses
79%
Baby Got BackSir Mix-a-Lot
79%
Friday I'm in LoveThe Cure
74%
Man On the MoonR.E.M.
69%
End of the RoadBoyz II Men
67%
Mysterious WaysU2
63%
No RainBlind Melon
59%
I Can't DanceGenesis
57%
Walking On Broken GlassAnnie Lennox
56%
This Used to Be My PlaygroundMadonna
49%
Life is a HighwayTom Cochrane
40%

Score Distribution

Percentile by Number Answered

Percent of People with Each Score

Your Score History

You have not taken this quiz since the last reset